| 000 | 01307nam a22003257a 4500 | ||
|---|---|---|---|
| 001 | 312 | ||
| 003 | OSt | ||
| 005 | 20250528074017.0 | ||
| 008 | 250325b |||||||g |||| 00| 1 eng d | ||
| 020 | _a9788506050606 | ||
| 040 | _bpor | ||
| 041 |
_heng _apor |
||
| 082 |
_a823 _bS848m |
||
| 100 | 1 |
_aStevenson, Robert Louis, _d1850-1894 _9621 |
|
| 240 | _aDr. Jekyll and Mr. Hyde | ||
| 245 |
_aO médico e o monstro / _cStevenson, Robert Louis ; Tradução de Marcionilo e Ilustração de Mauro Cascioli |
||
| 260 |
_aSão Paulo _bMelhoramentos _c2007 |
||
| 300 |
_a111 p. _bil. |
||
| 520 | _aNeste livro, um fato inesperado altera o ritmo calmo das ruas de Londres - alguém abre a porta dos fundos da residência de Henry Jakyll. A partir desse momento, o cotidiano se confunde com o inexplicável, o secreto, o sobrenatural. Quem é o sinistro Edward Hyde, e o que o une ao respeitável Dr. Jekyll? Duas personalidades opostas disputam a alma de uma homem. | ||
| 650 | 0 |
_aLiteratura Inglesa _989 |
|
| 650 | 0 |
_aClássicos _977 |
|
| 650 | 0 |
_aPsicológico _985 |
|
| 650 | 0 |
_aTerror _9141 |
|
| 650 | 0 |
_aFilme _926 |
|
| 655 | 0 |
_aRomance _923 |
|
| 655 | 0 |
_aFicção _922 |
|
| 700 |
_aMarcos Marcionilo _eTradução _cMarcos Marcionilo |
||
| 700 |
_aMauro Cascioli _eIlustração _9624 |
||
| 942 |
_2ddc _n0 _cBK |
||
| 999 |
_c312 _d312 |
||